000 01132nab a22002177a 4500
999 _c5845
_d5845
003 OSt
005 20260108020946.0
008 190514b xxu||||| |||| 00| 0 spa d
040 _cPJ
100 _94365
_aFortuna, Sebastián Ignacio
245 1 0 _aDerecho a la intimidad de NNyA y la exposición a redes sociales /
_cSebastián I. Fortuna.
300 _ap. 124-130
505 _aSumario: I. Breves palabras de inicio. Elección del tema.— II. Introducción. — III. Uniones convivenciales y vivienda familiar.— IV. Relaciones de familia y restricciones al poder dispositivo. Evolución.— V. Estatuto patrimonial de las uniones convivenciales.— VI. Instrumentos de protección de la vivienda. — VII. A modo de cierre
505 _tSi te interesa el texto, comunicate a koha@justierradelfuego.gov.ar
650 0 _9967
_aDERECHO DE FAMILIA
650 0 _92741
_aDERECHOS DE LAS NIÑAS, NIÑOS Y ADOLESCENTES
650 0 _92724
_aDERECHO A LA INTIMIDAD
650 0 _94109
_aREDES SOCIALES
773 0 _02844
_93222
_dBuenos Aires : AbeledoPerrot, 1989-
_tDerecho de familia. N° 119 - Mayo 2025
_z18511201
942 _2udc
_cANA